000
00308nam a2200097Ia 4500
001
1290442
005
20260417164515.0
008
260417s9999 xx 000 0 und d
245
0
_a
KAHRAMAN TÜRK DENİZCİLERİ DERYALARA KILIÇ VURAN REİS ULUÇ REİS
_c
İSMAİL BİLGİN
260
_b
TİMAŞ ÇOCUK YAYINLARI
999
_c
1290442
_d
1290442